000 00291nam a22001337a 4500
008 181017b xxu||||| |||| 00| 0 eng d
020 _a9780321593238
041 _aeng
080 _a510
100 _a36
101 _aMAT
245 _aIntermediate Algebra
_cSullivan.M
942 _2udc
_cBK
999 _c50010
_d50010